LEADER 02851oam 2200649 c 450 001 9910584592803321 005 20260302090207.0 010 $a3-7815-5959-9 024 3 $a9783781559592 035 $a(CKB)5580000000346206 035 $a(oapen)https://directory.doabooks.org/handle/20.500.12854/90614 035 $a(Verlag Julius Klinkhardt)9783781559592 035 $a(oapen)doab90614 035 $a(EXLCZ)995580000000346206 100 $a20260302d2022 uy 0 101 0 $ager 135 $aurmn|---annan 181 $ctxt$2rdacontent 182 $cc$2rdamedia 183 $acr$2rdacarrier 200 00$aAuf dem Weg ins Türkische Reich$eEin bildungshistorisches Lesebuch$fIngrid Lohmann, Julika Böttcher 205 $a1st ed. 210 $aBad Heilbrunn$cVerlag Julius Klinkhardt$d2022 215 $a1 electronic resource (296 p.) 225 0 $aWie die Türken in unsere Köpfe kamen$v2 311 08$a3-7815-2519-8 330 $a?Lese-Buch ? ein merkwürdiger Name; was soll er bedeuten??, fragt der Elberfelder Seminarlehrer Hermann Wendt 1909 in den Deutschen Blättern für erziehenden Unterricht. ?Ein Buch, darin man liest?? Aber gelesen zu werden, sei doch die Bestimmung aller Bücher! Wir präsentieren Ausschnitte aus dem Quellenkorpus, mit dem wir der Frage nachgingen, wie sich das Wissen über Türken und die Türkei in früheren Epochen der deutschen Geschichte gestaltete und wandelte. Das Buch dokumentiert Ansichten über Türken und die Türkei bis in die Zeit nach dem Ersten Weltkrieg ? insbesondere auf Seiten von Pädagogik und Lehrerschaft. Es lädt dazu ein, sich mit einem Kapitel der spannungsreichen, aber bisher kaum bekannten Verflechtungen von deutscher Kolonial- und Bildungsgeschichte bekannt zu machen. Band 2 606 $aQuellentexte 606 $aDiskursanalyse 606 $aLehrbuchanalyse 606 $aKulturtransfer 606 $aTürken- und Türkeibilder 606 $aReformpädagogik 606 $atransnationale und transkulturelle Geschichte 606 $aBildungsgeschichte 606 $aErster Weltkrieg 606 $aLesebuch 606 $apostkoloniale Perspektive 615 4$aQuellentexte 615 4$aDiskursanalyse 615 4$aLehrbuchanalyse 615 4$aKulturtransfer 615 4$aTürken- und Türkeibilder 615 4$aReformpädagogik 615 4$atransnationale und transkulturelle Geschichte 615 4$aBildungsgeschichte 615 4$aErster Weltkrieg 615 4$aLesebuch 615 4$apostkoloniale Perspektive 702 $aLohmann$b Ingrid$4edt 702 $aBöttcher$b Julika$4edt 801 0$bVerlag Julius Klinkhardt 801 1$bVerlag Julius Klinkhardt 906 $aBOOK 912 $a9910584592803321 996 $aAuf dem Weg ins Türkische Reich$93024441 997 $aUNINA